EWF Boynextdoor - English lyrics - Statistics

General Stats
  • This quiz has been taken 130 times
  • The average score is 172 of 239
Answer Stats
Answer % Correct
Earth
99%
earth
99%
wind
99%
a
98%
fire
98%
you
98%
You
98%
and
94%
I
94%
Baby
87%
baby
87%
my
85%
me
79%
darling
74%
boo
71%
love
71%
more
71%
sweetie
71%
not
67%
think
66%
make
64%
so
62%
So
62%
You're
59%
just
58%
I'm
57%
girlfriend
56%
Talk
55%
ain't
53%
feel
53%
ready
53%
man
52%
or
52%
Don't
50%
good
50%
oh
50%
freezy
49%
right
49%
The
49%
Yeah
49%
yeah
49%
breezy
48%
cheesy
48%
is
48%
Manners
45%
say
43%
yes
43%
greasy
42%
maketh
42%
number
41%
have
40%
dialed
37%
know
37%
lady
37%
what
37%
mad
35%
available
34%
lit
34%
stop
31%
hear
30%
need
23%
than
20%
No matching quizzes found
Score Distribution
Percent of People with Each Score
Percentile by Number Answered
Your Score History
You have not taken this quiz